Το Επιχειρηματικό Σχέδιο / Πρακτικός Οδηγός για τις Μικρές και Μεσαίες Επιχειρήσεις (Record no. 1356)
[ view plain ]
| 000 -LEADER | |
|---|---|
| fixed length control field | 02564cam a22002174a 4500 |
| 005 - ΗΜΕΡΟΜΗΝΙΑ ΚΑΙ ΩΡΑ ΤΕΛΕΥΤΑΙΑΣ ΕΝΗΜΕΡΩΣΗΣ | |
| Πεδίο ελέγχου | 20250605164006.0 |
| 008 - FIXED-LENGTH DATA ELEMENTS--GENERAL INFORMATION | |
| Πεδίο ελέγχου σταθερού μήκους | 250528s ||||||||||||||||||||||||d |
| 035 ## - SYSTEM CONTROL NUMBER | |
| System control number | 15805 |
| 020 ## - ISBN | |
| ISBN | 9609010106 |
| 040 ## - ΠΗΓΗ ΚΑΤΑΛΟΓΟΓΡΑΦΗΣΗΣ | |
| Φορέας πρωτότυπης καταλογογράφησης | MC Athens Campus Library |
| Γλώσσα καταλογογράφησης | Ελληνικά, Μοντέρνα (1453-) |
| Modifying agency | MC Athens Campus Library |
| Κανόνες περιγραφικής καταλογογράφησης | AACR2 |
| 245 1# - ΤΙΤΛΟΣ ΚΑΙ ΔΗΛΩΣΗ ΥΠΕΥΘΥΝΟΤΗΤΑΣ | |
| Τίτλος | Το Επιχειρηματικό Σχέδιο / Πρακτικός Οδηγός για τις Μικρές και Μεσαίες Επιχειρήσεις |
| 250 ## - EDITION STATEMENT | |
| Edition statement | 3η |
| 260 ## - PUBLICATION, DISTRIBUTION, ETC. | |
| Date of publication, distribution, etc. | 2001 |
| 300 ## - PHYSICAL DESCRIPTION | |
| Extent | 120 |
| 520 ## - SUMMARY, ETC. | |
| Summary, etc. | Ένας πρακτικός οδηγός που σκοπό έχει να ενημερώσει τον Έλληνα μικρομεσαίο επιχειρηματία και να τον μυήσει στα μυστικά της σύγχρονης διοίκησης των επιχειρήσεων, Πρόλογος, Εισαγωγή, Το Επιχειρηματικό Σχέδιο, Τι Είναι το Επιχειρηματικό Σχέδιο, Πλεονεκτήματα του Επιχειρηματικού Σχεδίου, Πόσο Σημαντικό Είναι το Επιχειρηματικό Σχέδιο, Δομή του Επιχειρηματικού Σχεδίου, Κορμός του Επιχειρηματικού Σχεδίου, Πληροφοριακό Δελτίο της Επιχείρησης, Επιχειρησιακό Περιβάλλον: Αγορά, Επιχειρησιακό Περιβάλλον: Τάσεις, Σχέδιο Marketing, Στόχος Πωλήσεων, Τιμολόγηση, Πελάτες, Προβολή και Διαφήμιση, Λειτουργικό Σχέδιο, Λειτουργία της Επιχείρησης, Τοποθεσία - Διευκολύνσεις, Εξοπλισμός, Προμηθευτές - Υπηρεσίες, Άνθρώπινο Δυναμικό - Οργάνωση και Διοίκηση, Προσωπικό - Διοίκηση, Οργανωτική Δομή, Οικονομικό Σχέδιο, Προσωπικά Οικονομικά Στοιχεία, Χρηματοδοτικά Εργαλεία, Οικονομικά Στοιχεία Επιχείρησης, Προϋπολογισμός Ροής Μετρητών, Προγραμματισμός, Στατιστικά Στοιχεία και Διακρίσεις, Ανάλυση Πιθανών Προβλημάτων, Σχεδιάζοντας το Παρόν και το Μέλλον. |
| 700 1# - ΠΡΟΣΘΕΤΗ ΑΝΑΓΡΑΦΗ--ΦΥΣΙΚΟ ΠΡΟΣΩΠΟ | |
| Personal name | Θεόδωρος Κοκκόρης |
| 9 (RLIN) | 1799 |
| 700 1# - ΠΡΟΣΘΕΤΗ ΑΝΑΓΡΑΦΗ--ΦΥΣΙΚΟ ΠΡΟΣΩΠΟ | |
| Personal name | Κόκκορης Θεόδωρος Δ |
| 9 (RLIN) | 1800 |
| 942 ## - ADDED ENTRY ELEMENTS (KOHA) | |
| Koha item type | Books |
| Τύπος τεκμηρίου | Βιβλιοθήκη | Τρέχουσα τοποθεσία | Barcode | Αριθμός εισαγωγής | Ημερομηνία απόκτησης | Ταξιθετικό σύμβολο | Αριθμός αντιτύπου | Κατάσταση απόσυρσης | Κατάσταση χαμένου | Κατάσταση κατεστραμμένου | Μη δανεισμός | Σύνολο δανεισμών | Ημερομηνία τελευταίας εμφάνισης | Η τιμή ισχύει από |
|---|---|---|---|---|---|---|---|---|---|---|---|---|---|---|
| Books | MC Athens Campus Library | MC Athens Campus Library | 9780000013552 | 2184 | 05/06/2025 | 658.4012 KOK | 1 | 05/06/2025 | 05/06/2025 |